| 000 | 01134nam a22002537a 4500 | ||
|---|---|---|---|
| 005 | 20080703121348.0 | ||
| 008 | 080703t xxu||||| |||| 00| f hin d | ||
| 010 | _aHIN-83728 | ||
| 020 | _c100.00 | ||
| 035 | _aHN-56074 | ||
| 037 | _bDBAD / PUB | ||
| 040 |
_aDPL _bHN |
||
| 082 | _aउ | ||
| 100 | _aसक्सेना, पुष्पा | ||
| 245 |
_aऋचाः _cपुष्पा सक्सेना _b(उपन्यास) / |
||
| 246 |
_aRicha _bby Pushpa Saxena |
||
| 260 |
_aदिल्ली _bनिर्मल पब्लिकेशन्स _c2006 |
||
| 270 |
_aए-139, कबीर नगर, गली नं-3, शाहदरा _bदिल्ली _e110094 _k011- 22114193 |
||
| 300 |
_a87पृ _c22सेमी(सजिल्द) |
||
| 650 | _aहिन्दी उपन्यास | ||
| 650 | _aHindi Novels | ||
| 942 |
_2ddc _cHN _hउ _mसक्सेना |
||
| 999 |
_c14193 _d14193 |
||